01025cam a22002657a 4500003000500000005001700005008004100022010001000063011001000073035001000083040000900093100004200102245013100144260004100275300005700316502015700373650002900530650003400559650003500593650003700628650002900665650001000694650002100704650003400725CHAP20220817043732.0001129d2000    mx ab   r     00110 spa d  a83014  a83986  a94505  cCHAP00aZúñiga Morales, José Adalberto.10aAgroecosistemas Choles y Tojolabales en la cañadas de la Selva Lacandona, Chiapasc/por José Adalberto Zúñiga Morales.  aChapingo, Méx. :bEl autor,c2000.  a145 h. :bilus. ; gráfs. ; mapas ; cuadros ; anexo  aTesis (M.C. en Desarrollo Rural Regional) -- UACH. Dirección de Centros Regionales Universitarios. Maestría en Ciencias en Desarrollo Rural Regional14aAgricultura sustentable.14aChiapasxCondiciones rurales.14aChiapasxCondiciones sociales.14aDesarrollo sustentablezChiapas.14aLacandonesxAgricultura.14aRoza.14aSelva Lacandona.14aSistemas de cultivoxChiapas.